Business law
Salvato in:
| Autore principale: | |
|---|---|
| Altri autori: | |
| Natura: | Libro |
| Pubblicazione: |
London:
Longman.;
c 1986.
|
| Serie: | Longman exam guides
|
| Soggetti: | |
| Tags: |
Aggiungi Tag
Nessun Tag, puoi essere il primo ad aggiungerne!!
|
MARC
| LEADER | 00000nam a2200000 4500 | ||
|---|---|---|---|
| 005 | 20260610120801.0 | ||
| 020 | |a 0582296781 |c TZS 597.90/= | ||
| 040 | |a MCCL |b eng. |e AACR 2nd rev.ed. | ||
| 082 | |a 344.1066 TIL | ||
| 100 | |a Tiley, J | ||
| 245 | |a Business law |c / Jillinda,Tiley and Suzanne, Bailey | ||
| 260 | |a London: |b Longman.; |c c 1986. | ||
| 300 | |a viii,216 p. : |c 21 cm. | ||
| 440 | |a Longman exam guides | ||
| 504 | |a Includes index. | ||
| 546 | |a eng. | ||
| 650 | |a Defamation | ||
| 650 | |a Sale of goods | ||
| 650 | |a Business law | ||
| 700 | |a Bailey, Suzanne. | ||
| 942 | |c BK | ||
| 999 | |c 12755 |d 12755 | ||